Normal view
MARC view
- Political science.
Entry Topical Term
001 - CONTROL NUMBER
- control field: 50332
003 - CONTROL NUMBER IDENTIFIER
- control field: OSt
005 - DATE AND TIME OF LATEST TRANSACTION
- control field: 20231130170450.0
008 - FIXED-LENGTH DATA ELEMENTS
- fixed length control field: 231130|| aca||aabn | a|a d
040 ## - CATALOGING SOURCE
- Original cataloging agency: OSt
- Transcribing agency: OSt
150 ## - HEADING--TOPICAL TERM
- Topical term or geographic name entry element: Political science.
670 ## - SOURCE DATA FOUND
- Source citation: Work cat.: (OSt)18538: Simon, Blake. 50269, Introduction to political science and global relations /, ©2024.
